000 01428nam a22002777a 4500
999 _c2719
_d2719
003 AR-CdUCM
008 190305b ||||| |||| 00| 0 spa d
040 _aMUNICIPALIDAD PROVINCIAL DEL CUSCO
_cBIBLIOTECA MUNICIPAL DEL CUSCO
082 _a985.612/M93
_bM93
110 _aMunicipalidad Provincial del Cusco
_946760
245 _aEl urbanismo Inka del Cusco:
_bNuevas aportaciones /
_cMunicipalidad del Cusco, Smithsonian, Universitat Rovira I Virgili
260 _aCusco :
_bMunicipalidad Provincial del Cusco,
_c2014.
300 _a157 páginas. :
_bilustraciones ;
_c30 cm.
505 _aContenido: Estrategias de Gestión del Centro Histórico del Cusco -- La Imagen del Cusco Inka en la Historia: Posibilidades y Límites en la reconstrucción de la capital del Tawantinsuyu -- Territorio y ciudad en el cusco Inka -- Los caminos del Inka: El Qhapaq Ñan -- Los Caminos del Inca en el Valle del Cusco -- El urbanismo Inka del Cusco -- Celebraciones Rituales del Inkanato en el espacio de la Ciudad -- El Camino Ritual del Inti Raymi...
650 _aQhapaq Ñan
_945532
650 _aUrbanismo Inka
_99521
650 _aInti Raymi
_99522
650 _aPlanificación urbana
_945230
650 _aCusco
_9772
700 _aBeltrán Caballero, José Alejandro
_946761
700 _aAlfaro Auca, Crayla
_946762
700 _aMar, Ricardo
_946763
700 _aMatos, Ramiro
_946764
942 _2ddc
_cLIBROS
945 _artm